[Event "49th TCh-DEN XtraCon 2010-11"]
[Site "Denmark DEN"]
[Date "2011.01.30"]
[Round "6.1"]
[White "Nilsson,S"]
[Black "Aagaard,J"]
[Result "1/2-1/2"]
[WhiteElo "2344"]
[BlackElo "2534"]

1.e4 d6 2.d4 Nf6 3.Nc3 e5 4.Nf3 Nbd7 5.g4 Nxg4 6.Rg1 Ngf6 7.Bc4 h6 8.Be3 c6
9.Qd3 Qa5 10.O-O-O b5 11.Bb3 Ba6 12.dxe5 dxe5 13.Ne2 O-O-O 14.Bxf7 c5 15.c4 Bb7
16.Nc3 b4 17.Nd5 Qxa2 18.Be6 Bxd5 19.cxd5 c4 20.Qc2 Kb8 21.Kd2 Qxb2 22.Qxb2 c3+
23.Kc2 cxb2 24.Kxb2 Nxe4 25.Bxd7 Rxd7 26.Nxe5 Rb7 27.Nc6+  1/2-1/2

[Event "Frauenbundesliga 1st Div 2010-11"]
[Site "Germany GER"]
[Date "2011.01.30"]
[Round "7.3"]
[White "Fojudzka,Anna"]
[Black "Moser,E"]
[Result "0-1"]
[WhiteElo "2221"]
[BlackElo "2413"]

1.e4 d6 2.d4 Nf6 3.Nc3 Nbd7 4.Nf3 e5 5.Bc4 Be7 6.O-O O-O 7.h3 c6 8.Re1 b5
9.Bd3 Bb7 10.a3 Re8 11.dxe5 dxe5 12.Ne2 Bf8 13.b4 Nb6 14.Bb2 Qc7 15.Ng3 Red8
16.Qe2 a6 17.c4 Na4 18.Rad1 Nxb2 19.Qxb2 g6 20.c5 a5 21.Bc2 Re8 22.Bb3 h6
23.Re3 Bc8 24.Nh4 Be6 25.Rf3 Nh7 26.Rfd3 Nf6 27.Rf3 Kg7 28.Bxe6 Rxe6 29.Qd2 axb4
30.axb4 Qa7 31.Rc3 Qa2 32.Rc2 Qb3 33.Rb2 Qa3 34.Nf3 Ree8 35.Qc2 Qa4 36.Qe2 Qa3
37.Kh2 Qc3 38.Rd3 Qc4 39.Nd2 Qe6 40.Nb3 h5 41.Qe3 h4 42.Ne2 Nh5 43.Na5 Kh7
44.Nb7 Ra1 45.Nd6 Rea8 46.Qf3 Kg8 47.Nf5 Re1 48.Nxh4 Raa1 49.g4 Nf4 50.Nxf4 exf4
51.Re2 Rh1+ 52.Qxh1 Rxh1+ 53.Kxh1 Qc4 54.Red2 Qxe4+ 55.Kh2 Qxb4 56.Rd8 Qxc5
57.Re2 b4 58.Kg2 Qg5 59.Ree8 Qxh4 60.Rxf8+ Kg7 61.Rg8+ Kf6 62.Rh8 Qg5 63.Kf3 Qc5
64.h4 b3 65.g5+ Kf5 66.Rhf8 Qc3+ 67.Kg2 Kg4 68.Rxf7 b2  0-1

[Event "LCK Winter Cup 2011"]
[Site "Lviv UKR"]
[Date "2011.01.30"]
[Round "7.3"]
[White "Dykun,O"]
[Black "Sanotsky,Yuriy"]
[Result "1/2-1/2"]
[WhiteElo "2068"]
[BlackElo "2007"]

1.e4 d6 2.d4 Nf6 3.Nc3 e5 4.dxe5 dxe5 5.Qxd8+ Kxd8 6.Bc4 Ke8 7.Nf3 Bd6 8.h3 c6
9.a4 a5 10.O-O Ke7 11.Ng5 Rf8 12.f4 Nbd7 13.fxe5 Nxe5 14.Bb3 h6 15.Nf3 Be6
16.Nh4 Rad8 17.Nf5+ Bxf5 18.Rxf5 Nfd7 19.Be3 f6 20.Rd1 Nc5 21.Ba2 Ne6 22.Bxe6 Kxe6
23.Ne2 Bc7 24.Rff1 Rxd1 25.Nf4+ Kf7 26.Rxd1 Rd8 27.Rxd8 Bxd8 28.b3 Bc7 29.Nd3 Nxd3
30.cxd3 h5 31.g4 hxg4 32.hxg4 Ke6 33.Kg2 g6 34.Kf3 Bd8 35.Bd2 Bb6 36.Bc3 Bc7
37.Bd4 Bd8 38.Bc5 Bc7 39.Bf2 Bd8 40.Be1 Bb6 41.Bc3 Bc7 42.Ke3 Bb6+ 43.d4 Bd8
44.Kd3 f5 45.gxf5+ gxf5 46.exf5+ Kxf5 47.Kc4 Ke4 48.b4 axb4 49.Bxb4 Bb6 50.Bc5 Ba5
51.Bd6 Bb6 52.Bc5 Ba5  1/2-1/2

[Event "LCK Winter Cup 2011"]
[Site "Lviv UKR"]
[Date "2011.01.30"]
[Round "9.3"]
[White "Koptsiukh,V"]
[Black "Sanotsky,Yuriy"]
[Result "1-0"]
[WhiteElo "2084"]
[BlackElo "2007"]

1.e4 d6 2.d4 Nf6 3.Nc3 e5 4.dxe5 dxe5 5.Qxd8+ Kxd8 6.Bg5 c6 7.O-O-O+ Ke8
8.Bc4 Nbd7 9.Nf3 Bb4 10.Rhe1 Ke7 11.Bh4 h6 12.Bg3 Bd6 13.Bxf7 Kxf7 14.Rxd6 Ke7
15.Red1 Ne8 16.R6d2 Ke6 17.Nh4 Rf8 18.Nf5 Rf6 19.h4 g5 20.h5 a5 21.Ne3 Ke7
22.Nf5+ Ke6 23.f3 a4 24.Bf2 Ra5 25.g4 Ra6 26.Ne2 b5 27.Neg3 c5 28.Nf1 Rc6
29.N1e3 Rf8 30.Bg3 Rh8 31.Rd5 Rh7 32.c4 b4 33.Ng2 Ba6 34.b3 a3 35.Nxh6 Rxh6
36.Rxd7 Bc8 37.R7d5  1-0

[Event "Moscow Open F Women"]
[Site "Moscow RUS"]
[Date "2011.01.30"]
[Round "2"]
[White "Bodnaruk,A"]
[Black "Yakupova,A"]
[Result "1-0"]
[WhiteElo "2425"]
[BlackElo "2132"]

1.e4 d6 2.d4 Nf6 3.Nc3 e5 4.Nge2 Be7 5.g3 O-O 6.Bg2 Nbd7 7.O-O b6 8.h3 h5
9.f4 Bb7 10.d5 c6 11.fxe5 Nxe5 12.dxc6 Nxc6 13.Nf4 g6 14.Nfd5 Nxd5 15.Nxd5 Ne5
16.Nxe7+ Qxe7 17.b3 b5 18.Ba3 Rfd8 19.Qd4 a5 20.Rad1 b4 21.Bb2 Rac8 22.Rf2 Rc6
23.a3 Qc7 24.axb4 Rxc2 25.bxa5 Rxf2 26.Qxf2 Qxa5 27.Qf6 Re8 28.Qxd6 Qb5 29.Rd2 Kh7
30.Rf2 Kg8 31.Rd2 Bc6 32.Kh2 Bb7 33.Qf6 Qa5 34.Rd5 Bxd5 35.Bxe5  1-0

[Event "16th HIT Open"]
[Site "Nova Gorica SLO"]
[Date "2011.01.30"]
[Round "5"]
[White "Vovk,Y"]
[Black "Golubovic,B"]
[Result "1-0"]
[WhiteElo "2539"]
[BlackElo "2416"]

1.e4 d6 2.d4 Nf6 3.Nc3 e5 4.Nf3 Nbd7 5.Bc4 Be7 6.O-O O-O 7.Re1 c6 8.a4 a5
9.b3 exd4 10.Qxd4 Nc5 11.Ba3 Bg4 12.e5 Bxf3 13.gxf3 Nfd7 14.exd6 Bf6 15.Qe3 Ne6
16.Bxe6 fxe6 17.Rad1 Be5 18.Ne2 Qh4 19.f4 Bxf4 20.Qxe6+ Kh8 21.Ng3 Rad8 22.Bb2 Rg8
23.Qf7 Nf6 24.d7 Rdf8 25.Qxf8 Rxf8 26.d8=Q  1-0

[Event "Moscow Open Young WGM"]
[Site "Moscow RUS"]
[Date "2011.01.31"]
[Round "3"]
[White "Kosteniuk,A"]
[Black "Fominykh,M"]
[Result "1-0"]
[WhiteElo "2498"]
[BlackElo "2306"]

1.e4 d6 2.d4 Nf6 3.Nc3 e5 4.Nf3 Nbd7 5.Bc4 Be7 6.O-O c6 7.a4 O-O 8.Re1 a5
9.h3 Nb6 10.Ba2 Nfd7 11.dxe5 dxe5 12.Be3 h6 13.Nh2 Bg5 14.Ng4 Qe7 15.Qf3 Bxe3
16.Nxe3 g6 17.Qg3 Qg5 18.Qh2 Nc5 19.h4 Qf6 20.h5 Kg7 21.Bc4 Qf4 22.g3 Qg5
23.Be2 f5 24.exf5 gxf5 25.Kh1 e4 26.Ng2 Be6 27.Nf4 Bg8 28.Rg1 Ne6 29.Ng6 Rf6
30.g4 Kh7 31.gxf5 Qxf5 32.Bg4 Qxf2 33.Nxe4 Qxh2+ 34.Kxh2 Raf8 35.Nxf6+ Rxf6
36.Rae1 Nd7 37.Ne7 Bf7 38.Ref1 Rxf1 39.Rxf1 Kg7 40.Nf5+ Kh7 41.Nd4 Ne5 42.Bxe6  1-0

[Event "16th HIT Open"]
[Site "Nova Gorica SLO"]
[Date "2011.01.31"]
[Round "6"]
[White "Kolaric,S"]
[Black "Tratar,M"]
[Result "0-1"]
[WhiteElo "2049"]
[BlackElo "2482"]

1.e4 d6 2.d4 Nf6 3.Nc3 e5 4.Nf3 Nbd7 5.Bc4 Be7 6.O-O O-O 7.Re1 a6 8.a4 b6
9.Bg5 c6 10.d5 c5 11.Qd2 Kh8 12.Nh4 g6 13.Ra3 Nh5 14.Nf3 Ndf6 15.Rb3 Ra7
16.Bh6 Ng7 17.Rd1 Ng8 18.Bg5 f6 19.Be3 f5 20.Bg5 Nf6 21.Nxe5 dxe5 22.d6 Bxd6
23.Qxd6 Rd7 24.Rxb6 Ngh5 25.Rd3 fxe4 26.Nxe4 Rxd6 27.Rdxd6 Qxb6  0-1

[Event "Gibraltar Masters"]
[Site "Caleta ENG"]
[Date "2011.02.01"]
[Round "8.44"]
[White "Pogonina,N"]
[Black "Chapman,T"]
[Result "1/2-1/2"]
[WhiteElo "2472"]
[BlackElo "2250"]

1.e4 d6 2.d4 Nf6 3.Nc3 c6 4.Be3 Qb6 5.a3 Ng4 6.Bc1 e5 7.Nf3 Nd7 8.h3 Ngf6
9.Be3 Qc7 10.g3 Be7 11.Bg2 O-O 12.O-O b5 13.Nh4 g6 14.Bh6 Re8 15.d5 Rb8 16.dxc6 Qxc6
17.Qd2 Kh8 18.Rad1 a5 19.Nd5 Nxd5 20.exd5 Qc7 21.Nf3 Bf8 22.Be3 Bg7 23.Ng5 Rf8
24.f4 h6 25.Nf3 exf4 26.Bxf4 g5 27.Bxg5 hxg5 28.Nxg5 Ne5 29.Rf4 Ng6 30.Rf2 f6
31.Ne6 Bxe6 32.dxe6 f5 33.Qg5 Ne7 34.g4 Qa7 35.Qh4+ Kg8 36.g5 Ng6 37.Qh5 Nf4
38.Qh4 Ng6 39.Qh5 Nf4 40.Qh4  1/2-1/2

[Event "Moscow Open F Women"]
[Site "Moscow RUS"]
[Date "2011.02.01"]
[Round "4.46"]
[White "Kisteneva,L"]
[Black "Morozova,Ulia"]
[Result "1-0"]
[WhiteElo "1911"]
[BlackElo "1724"]

1.e4 d6 2.d4 Nf6 3.Nc3 e5 4.Nf3 Nbd7 5.Bc4 Be7 6.h3 O-O 7.Be3 c6 8.a4 b6
9.O-O Bb7 10.Qe2 a6 11.Nd2 Qc7 12.f4 b5 13.axb5 axb5 14.Bd3 b4 15.Na2 c5
16.d5 exf4 17.Bxf4 Ne5 18.Bxe5 dxe5 19.c3 Rfc8 20.Rfb1 Nd7 21.Nc1 Nb6 22.Nc4 Na4
23.Qc2 Nb6 24.Nb3 Ba6 25.Rxa6 Rxa6 26.d6 Qa7 27.dxe7 Nxc4 28.Bxc4 Rf6 29.Kh2 Rb8
30.cxb4 cxb4 31.Nc5 Qxe7 32.b3 h5 33.Nd3 Kh7 34.Qb2 Re8 35.Ra1 Rb6 36.Qe2 g6
37.Qf2 Rf6 38.Qa7 Qd8 39.Nxb4 Re7 40.Qe3 Rb7 41.Nd5 Rd6 42.Ba6 Rbd7 43.b4 f5
44.Nc3 Qf6 45.Be2 f4 46.Qf3 Rd4 47.Nd5 Qd8 48.Ra6 Rd6 49.Ra7+ Kh6 50.b5 Rd7
51.Rxd7 Qxd7 52.Qc3 Qd8 53.Bd3 Qh4 54.Kg1 f3 55.Qc1+ Qg5 56.Qxg5+ Kxg5 57.Bf1 Rxe4
58.gxf3 Rd4 59.Ne7 Rd7 60.Nc6 Kf4 61.Kf2 Rd2+ 62.Be2 Rb2 63.Ne7 g5 64.Nd5+ Kf5
65.Ke3 Rb3+ 66.Bd3+ Ke6 67.Ke4 Kd6 68.Bc4 Ra3 69.Nf6 Ra4 70.Kd3 Ra3+ 71.Ke2 Ra4
72.Bd3 g4 73.fxg4 hxg4 74.hxg4 Ke6 75.Ne4 Rb4 76.Ke3 Kf7 77.Nc5 Kf6 78.Be2 Kg5
79.Nd7 Rb3+ 80.Bd3 Kxg4 81.Nxe5+ Kg5 82.Nd7 Rxb5 83.Bxb5 Kf5 84.Bc4 Kg4 85.Ke4 Kg5
86.Be6 Kg6 87.Kf4 Kh6 88.Ne5 Kg7 89.Kg5 Kf8 90.Kf6 Ke8 91.Nc6 Kf8 92.Nd4 Ke8
93.Nb5 Kd8 94.Bd5 Ke8 95.Bc6+ Kf8 96.Nd6 Kg8 97.Nf7 Kf8 98.Be4 Ke8 99.Bf5 Kf8
100.Nd6 Kg8 101.Bg6 Kf8 102.Nc4 Kg8 103.Ne5 Kf8 104.Bh5 Kg8 105.Bf7+ Kh7
106.Nd7 Kh6 107.Bg8 Kh5 108.Be6 Kh6 109.Nf8 Kh5 110.Ng6 Kh6 111.Bg4 Kh7 112.Ne7 Kh6
113.Bf5 Kh5 114.Ng8 Kh4 115.Ke5 Kg5 116.Ke4 Kh5 117.Kf4 Kh4 118.Bg6 Kh3 119.Be4 Kh4
120.Bf3 Kh3 121.Nh6 Kh4 122.Nf5+ Kh3 123.Ke3 Kh2 124.Kf2 Kh3 125.Be2 Kh2
126.Bg4 Kh1 127.Ng3+ Kh2 128.Ne4 Kh1 129.Ng5 Kh2 130.Bh3 Kh1 131.Bg2+  1-0

[Event "Moscow Open F Women"]
[Site "Moscow RUS"]
[Date "2011.02.01"]
[Round "4.25"]
[White "Rodionova,Daria"]
[Black "Yakupova,A"]
[Result "1-0"]
[WhiteElo "1856"]
[BlackElo "2132"]

1.e4 d6 2.d4 Nf6 3.Nc3 e5 4.dxe5 dxe5 5.Qxd8+ Kxd8 6.Nf3 Bd6 7.Bc4 Ke7 8.Bg5 c6
9.O-O-O b5 10.Nxb5 Rd8 11.Nxd6 Rxd6 12.Nxe5 Rxd1+ 13.Rxd1 Be6 14.Bxe6 Kxe6
15.Bxf6 gxf6 16.Nc4 Ke7 17.Ne3 Nd7 18.Nf5+ Ke8 19.Rd6 Rc8 20.Rd3 Rc7 21.Rh3  1-0

[Event "33rd Bulgarian Open"]
[Site "Plovdiv BUL"]
[Date "2011.02.01"]
[Round "4.19"]
[White "Nedev,Tr"]
[Black "Panajotov,J"]
[Result "1-0"]
[WhiteElo "2490"]
[BlackElo "2243"]

1.e4 d6 2.d4 Nf6 3.Nc3 c6 4.f4 Qa5 5.Bd3 Bg4 6.Qd2 g6 7.h3 Bc8 8.Nf3 Bg7
9.O-O O-O 10.Qf2 Na6 11.e5 Nd5 12.Nxd5 cxd5 13.c3 Qd8 14.Qg3 f5 15.h4 Nc7
16.Bd2 Bd7 17.Rae1 dxe5 18.fxe5 Ne6 19.h5 gxh5 20.Nh4 f4 21.Qf3 Be8 22.Bc2 Ng5
23.Qd3 e6 24.Bxf4 Ne4 25.g3 Rc8 26.Rxe4 dxe4 27.Qxe4 Rf5 28.Bb3  1-0

[Event "33rd Bulgarian Open"]
[Site "Plovdiv BUL"]
[Date "2011.02.01"]
[Round "4.4"]
[White "Lilov,V2"]
[Black "Tadic,Br"]
[Result "1/2-1/2"]
[WhiteElo "2402"]
[BlackElo "2518"]

1.d4 d6 2.e4 Nf6 3.Nc3 e5 4.Nf3 Nbd7 5.Bc4 Be7 6.O-O O-O 7.h3 c6 8.a4 a5
9.Qe2 exd4 10.Nxd4 Re8 11.Ba2 Bf8 12.Qf3 Kh8 13.Rd1 Qb6 14.Bg5 Ne5 15.Qe3 Ng8
16.f4 f6 17.Bh4 Nd7 18.Qf3 Nc5 19.Bf2 Qc7 20.Rd2 Nh6 21.g4 Nf7 22.Rad1 g6
23.Bc4  1/2-1/2

[Event "Moscow Open F Women"]
[Site "Moscow RUS"]
[Date "2011.02.02"]
[Round "5.13"]
[White "Kharmunova,N"]
[Black "Drozdova,D"]
[Result "1/2-1/2"]
[WhiteElo "2118"]
[BlackElo "2203"]

1.e4 d6 2.d4 Nf6 3.Nc3 e5 4.Nf3 Nbd7 5.Bc4 Be7 6.O-O O-O 7.Re1 c6 8.a4 a5
9.Ba2 exd4 10.Nxd4 Nc5 11.h3 Re8 12.Qf3 Bf8 13.Bg5 Ncd7 14.Rad1 Ne5 15.Qe2 h6
16.Bh4 Ng6 17.Bg3 Qc7 18.f4 Qb6 19.Kh2 d5 20.Qd3 Nh5 21.exd5 Nhxf4 22.Qc4 Rxe1
23.Rxe1 cxd5 24.Nxd5 Nxd5 25.Qxd5 Qf6 26.Re8 Be6 27.Rxe6 fxe6 28.Nxe6 Ne7
29.Qxb7 Rc8 30.Ng5+ Kh8 31.Nf7+ Kh7 32.c3 g6 33.Ne5 Bg7 34.Nf3 Rd8 35.Qc7 Nf5
36.Be5 Qe7 37.Qxa5 Bxe5+ 38.Qxe5 Qxe5+ 39.Nxe5 h5 40.Bf7 Ne7 41.a5 Kg7 42.Bc4 Kf6
43.Nf3 Rc8 44.Bd3 Rb8 45.b4 Nd5 46.b5 Nxc3 47.b6 Nd5 48.Be4 Nxb6 49.axb6 Rxb6
50.h4 Rb4 51.Bc6 Rc4 52.Bd7 Rc7 53.Bh3 Rc4 54.Kg3 Ra4 55.Bd7 Rb4 56.Bc6 Rc4
57.Bd5 Rg4+ 58.Kf2 Ra4 59.Ke3 Rg4 60.Kf2 Ra4 61.Kg3 Rg4+ 62.Kh3 Ra4 63.Ng5 Ra3+
64.Bf3 Kf5 65.Kg3 Ra4 66.Be2 Ra3+ 67.Kf2 Ra2 68.Nf3 Kf4 69.Ne1 g5 70.Nd3+ Kf5
71.hxg5 Kxg5 72.Ke3 h4 73.Nf2 Ra3+ 74.Bd3 h3 75.Nxh3+ Kh4 76.Ke2 Rxd3 77.Kxd3 Kg3
78.Nf4 Kxf4  1/2-1/2

[Event "Moscow Open F Women"]
[Site "Moscow RUS"]
[Date "2011.02.02"]
[Round "5.8"]
[White "Severiukhina,Z"]
[Black "Verko,T"]
[Result "1-0"]
[WhiteElo "2312"]
[BlackElo "2147"]

1.e4 d6 2.d4 Nf6 3.Nc3 c6 4.Nf3 Bg4 5.h3 Bh5 6.g4 Bg6 7.Bd3 Qa5 8.Qe2 e5
9.Bd2 Qc7 10.O-O-O Nbd7 11.Qe3 Nb6 12.Nh4 O-O-O 13.f4 exf4 14.Qxf4 d5 15.Nxg6 hxg6
16.e5 Ne8 17.Rdf1 Rd7 18.h4 Nc4 19.h5 g5 20.Qxg5 f6 21.Qg6 Rd8 22.Bf4 fxe5
23.dxe5 Kb8 24.Bxc4 dxc4 25.Rd1 Be7 26.Rxd8+ Bxd8 27.Qe4 Qc8 28.e6+ Bc7 29.g5 Rf8
30.Bxc7+ Qxc7 31.Rd1 Kc8 32.e7 Qf4+ 33.Qxf4 Rxf4 34.Rd8+  1-0

[Event "33rd Bulgarian Open"]
[Site "Plovdiv BUL"]
[Date "2011.02.02"]
[Round "5.13"]
[White "Kadric,D"]
[Black "Nedev,Tr"]
[Result "1/2-1/2"]
[WhiteElo "2356"]
[BlackElo "2490"]

1.e4 d6 2.d4 Nf6 3.Nc3 Nbd7 4.Nf3 e5 5.g4 h6 6.g5 hxg5 7.Bxg5 c6 8.Qd2 Be7
9.O-O-O Qa5 10.Kb1 b5 11.a3 b4 12.axb4 Qxb4 13.h4 Rb8 14.b3 a5 15.dxe5 Nxe5
16.Nxe5 dxe5 17.Bh3 O-O 18.Rdg1 Rd8 19.Qe3 Ba6 20.Na2 Qa3 21.Qc1 Qxc1+ 22.Nxc1 Kf8
23.f3 a4 24.Bf1 Bxf1 25.Rxf1 axb3 26.cxb3 Nh5 27.Rd1 Bxg5 28.hxg5 Nf4 29.Kb2 Ke7
30.Kc3 Ne6 31.Rxd8 Rxd8 32.Nd3 Nxg5 33.Nxe5 Ke6 34.Rg1  1/2-1/2

[Event "Gibraltar Masters"]
[Site "Caleta ENG"]
[Date "2011.02.03"]
[Round "10.58"]
[White "Montabord,M"]
[Black "Sanchez,Lo"]
[Result "0-1"]
[WhiteElo "2063"]
[BlackElo "2262"]

1.e4 d6 2.d4 Nf6 3.Nc3 e5 4.Nf3 Nbd7 5.Bc4 Be7 6.Bxf7+ Kxf7 7.Ng5+ Kg8 8.Ne6 Qe8
9.Nxc7 Qg6 10.Nxa8 Qxg2 11.Rf1 exd4 12.Qxd4 Ne5 13.f3 Nfg4 14.Bf4 Bh4+ 15.Bg3 Nxh2
16.O-O-O Qxg3 17.Rh1 Nhxf3 18.Qxa7 Nc6 19.Qa4 h5 20.Nc7 Rh7 21.Kb1 Bg4 22.Qb5 Nfe5  0-1

[Event "Moscow Open F Women"]
[Site "Moscow RUS"]
[Date "2011.02.03"]
[Round "6.25"]
[White "Avdeyeva,V"]
[Black "Verko,T"]
[Result "0-1"]
[WhiteElo "2020"]
[BlackElo "2147"]

1.e4 d6 2.d4 Nf6 3.Nc3 c6 4.Bg5 Nbd7 5.Qd2 e5 6.Nf3 Be7 7.O-O-O O-O 8.h4 b5
9.dxe5 dxe5 10.Bxf6 Bxf6 11.g4 b4 12.Nb1 Qa5 13.g5 Be7 14.h5 Qxa2 15.g6 h6
16.b3 f6 17.Bc4+ Kh8 18.Rhg1 Nc5 19.Qe3 Ne6 20.Nh4 Bc5 21.Qd2 Bd4 22.c3 Qxd2+
23.Rxd2 bxc3 24.Rc2 Ng5 25.Nxc3 Bxc3 26.Rxc3 Nxe4 27.Rc2 Rd8 28.f3 Ng5 29.Bf7 Rf8  0-1

[Event "33rd Bulgarian Open"]
[Site "Plovdiv BUL"]
[Date "2011.02.03"]
[Round "6.8"]
[White "Nevednichy,V"]
[Black "Stamenkov,V"]
[Result "1-0"]
[WhiteElo "2536"]
[BlackElo "2346"]

1.e4 d6 2.d4 Nf6 3.Nc3 e5 4.Nf3 Nbd7 5.Bc4 Be7 6.O-O O-O 7.Re1 c6 8.a4 b6
9.Bg5 a6 10.h3 Bb7 11.Bxf6 Bxf6 12.d5 c5 13.Ne2 Bg5 14.Ng3 g6 15.Nxg5 Qxg5
16.Qg4 Qxg4 17.hxg4 h6 18.f3 Kg7 19.Kf2 Nf6 20.Bd3 Rfc8 21.Reb1 Ne8 22.Nf1 Nc7
23.b4 c4 24.Bxc4 Nxd5  1-0

[Event "33rd Bulgarian Open"]
[Site "Plovdiv BUL"]
[Date "2011.02.03"]
[Round "6.3"]
[White "Drenchev,P"]
[Black "Tadic,Br"]
[Result "1/2-1/2"]
[WhiteElo "2521"]
[BlackElo "2518"]

1.e4 d6 2.d4 Nf6 3.Nc3 e5 4.Nf3 Nbd7 5.Bc4 Be7 6.O-O O-O 7.Re1 c6 8.a4 a5
9.h3 Nb6 10.Bf1 exd4 11.Nxd4 d5 12.e5 Ne8 13.Bf4 g6 14.Nf3 Ng7 15.Ne2 Nd7
16.Ned4 Nc5 17.Bh6 Re8 18.Qc1 Nge6 19.Nxe6 Nxe6 20.Bd3 Bd7 21.c3 Qc8 22.Bc2 f5
23.exf6 Bxf6 24.Ne5 Qc7 25.Ng4 Bh8 26.Qd2 Qb6 27.Ne5 Qc7 28.Ng4 Qb6 29.Ne5 Qc7
30.Ng4 Qb6 31.Ne5  1/2-1/2

[Event "Moscow Open Young WGM"]
[Site "Moscow RUS"]
[Date "2011.02.04"]
[Round "7"]
[White "Munguntuul,B"]
[Black "Fominykh,M"]
[Result "1-0"]
[WhiteElo "2410"]
[BlackElo "2306"]

1.e4 d6 2.d4 Nf6 3.Nc3 e5 4.Nf3 Nbd7 5.Bc4 Be7 6.O-O O-O 7.a4 c6 8.Ba2 a5
9.Qe2 exd4 10.Nxd4 Nc5 11.Rd1 Qb6 12.f3 Be6 13.Be3 Bxa2 14.Rxa2 Qc7 15.Nf5 Ne6
16.Qf2 Ra6 17.Qh4 Rd8 18.Raa1 Bf8 19.Rd2 Ne8 20.Rad1 Kh8 21.f4 Raa8 22.Qf2 Rd7
23.Ng3 f6 24.f5 Nd8 25.Nce2 Qc8 26.Nf4 Nf7 27.Ne6 Nc7 28.Bb6 Na6 29.Bxa5 Ne5
30.b3 b5 31.Bc3 bxa4 32.Bxe5 fxe5 33.f6 g6 34.f7 Be7 35.Rxd6 Rxd6 36.Rxd6 a3
37.f8=Q+ Qxf8 38.Nxf8 Rxf8 39.Rxc6 Rxf2 40.Kxf2 Nb4 41.Rc8+ Kg7 42.c3 Nd3+
43.Ke3 Nc5 44.b4 Na4 45.Ra8 Nxc3 46.Rxa3 Bxb4 47.Rb3 Bc5+ 48.Kd2 Na4 49.Rb7+ Kh6
50.Rb5 Bd6 51.Kd3 Kg5 52.Kc4 Kf4 53.Rb7 h5 54.Rf7+ Kg5 55.Kd5 Bc5 56.Kxe5 Bg1
57.Nf1 Nb6 58.Ke6 Nc4 59.Rc7 Nb2 60.Nd2 Kf4 61.Nf3 Be3 62.e5 Bb6 63.Rc6 Ba5
64.Kf7 g5 65.e6 g4 66.e7  1-0

[Event "Moscow Open F Women"]
[Site "Moscow RUS"]
[Date "2011.02.04"]
[Round "7.26"]
[White "Abdumalik,Z"]
[Black "Yakupova,A"]
[Result "0-1"]
[WhiteElo "1938"]
[BlackElo "2132"]

1.e4 d6 2.d4 Nf6 3.Nc3 e5 4.dxe5 dxe5 5.Qxd8+ Kxd8 6.Bg5 Be6 7.O-O-O+ Nd7
8.f4 exf4 9.Bxf4 Bc5 10.h3 Nh5 11.Bh2 Be3+ 12.Kb1 Bf4 13.Nge2 Bxh2 14.Rxh2 c6
15.g4 Nf6 16.Nf4 Ke7 17.Nxe6 fxe6 18.Rhd2 Ne5 19.Bg2 h5 20.g5 Nh7 21.Bh1 Raf8
22.Rg1 Rf4 23.a3 Rhf8 24.Rdd1 Rf2 25.g6 Nf6 26.Rg5 Nc4 27.Rc5 Ne3 28.Rc1 Rh2
29.Nd1 Nf1 30.Ka2 Rxh1 31.Ne3 Ng3 32.Rxh1 Nxh1 33.Rg5 Nxe4 34.Rxh5 Nhf2 35.Nc4 Nd6
36.Nd2 Nfe4 37.Nb3 Nf5 38.Nc1 Kf6 39.Ne2 e5  0-1

[Event "Moscow Open F Women"]
[Site "Moscow RUS"]
[Date "2011.02.04"]
[Round "7.8"]
[White "Nebolsina,V"]
[Black "Drozdova,D"]
[Result "0-1"]
[WhiteElo "2388"]
[BlackElo "2203"]

1.e4 d6 2.d4 Nf6 3.Nc3 e5 4.Nge2 Be7 5.g3 Bg4 6.Bg2 c6 7.h3 Be6 8.O-O h5
9.Bg5 Qc8 10.f4 Bxh3 11.fxe5 dxe5 12.dxe5 Bc5+ 13.Kh1 h4 14.Rxf6 gxf6 15.Bxf6 Rh7
16.gxh4 Bxg2+ 17.Kxg2 Nd7 18.Ng3 Nxf6 19.exf6 Qe6 20.h5 Qxf6 21.e5 Qf2+ 22.Kh3 Rg7
23.Nce4 Qf4 24.Nf6+ Kf8 25.Qd3 Be7 26.Ne2 Qf2 27.Ng3 Rd8 28.h6 Rg6 29.Qc3 Rxh6+
30.Nfh5 Rd4  0-1

[Event "V Tancat IM"]
[Site "Sabadell ESP"]
[Date "2011.02.04"]
[Round "1"]
[White "Tallo Dominguez,I"]
[Black "Rojas Keim,L"]
[Result "0-1"]
[WhiteElo "2204"]
[BlackElo "2432"]

1.e4 d6 2.d4 Nf6 3.Nc3 e5 4.Nge2 Nbd7 5.g3 g6 6.Bg2 Bg7 7.O-O O-O 8.h3 c6
9.a4 exd4 10.Nxd4 Nc5 11.b4 Ne6 12.Be3 Qe7 13.Nde2 a5 14.b5 Rd8 15.Nd4 Bd7
16.Re1 Nc5 17.Qf3 Rac8 18.Rad1 Be8 19.g4 Nfd7 20.Qe2 Nb6 21.bxc6 bxc6 22.Rb1 Nbxa4
23.Nxa4 Nxa4 24.Qc4 c5 25.Nb5 Nb2 26.Qe2 Rb8 27.c4 Bxb5 28.cxb5 Na4 29.Qc4 Nb6
30.Qa2 a4 31.Bd2 Qe6 32.Qxe6 fxe6 33.Ba5 a3  0-1

[Event "TCh-CAT Div Hon"]
[Site "Barcelona ESP"]
[Date "2011.02.05"]
[Round "2"]
[White "Rosich Valles,A"]
[Black "Ayza Leon,D"]
[Result "1-0"]
[WhiteElo "2366"]
[BlackElo "2189"]

1.e4 d6 2.d4 Nf6 3.Nc3 c6 4.a4 Qa5 5.Bd3 e5 6.Ne2 Be7 7.O-O O-O 8.h3 Nbd7
9.Be3 d5 10.exd5 cxd5 11.dxe5 Nxe5 12.Nd4 Nxd3 13.Qxd3 Rd8 14.Rfe1 Bb4 15.Bg5 Bxc3
16.bxc3 Qa6 17.Qxa6 bxa6 18.Bxf6 gxf6 19.Nc6 Be6 20.Nxd8 Rxd8 21.Rab1 Rc8
22.Re3 Bf5 23.Rb7 Bxc2 24.Rxa7 Bxa4 25.Rxa6 Bc6  1-0

[Event "FSIM February"]
[Site "Budapest HUN"]
[Date "2011.02.05"]
[Round "1"]
[White "Lengyel,B"]
[Black "Korpa,B"]
[Result "1-0"]
[WhiteElo "2275"]
[BlackElo "2165"]

1.e4 d6 2.d4 Nf6 3.Nc3 e5 4.Nf3 Nbd7 5.Bc4 Be7 6.O-O O-O 7.a4 c6 8.Ba2 b6
9.Qe2 a6 10.Rd1 Qc7 11.Bg5 Bb7 12.dxe5 dxe5 13.Nh4 h6 14.Be3 Nc5 15.Nf5 Bc8
16.f3 Bxf5 17.exf5 a5 18.g4 Nh7 19.Kg2 Rad8 20.Qc4 Bd6 21.Ne4 Nxe4 22.fxe4 Nf6
23.Kf3 Qb7 24.Bf2 b5 25.axb5 cxb5 26.Qe2 Be7 27.h4 Kh8 28.Bg3 Qc7 29.Qh2 Qc6
30.Qe2 Qc7 31.c3 Qc5 32.Bf2 Qc6 33.g5 Nh5 34.Be3 Nf4 35.Bxf4 exf4 36.Bd5 Qb6
37.Kxf4 f6 38.gxh6 Qd6+ 39.Kf3 gxh6 40.Rg1 Qe5 41.Qd2 Kh7 42.Rg6  1-0

[Event "FSIM February"]
[Site "Budapest HUN"]
[Date "2011.02.05"]
[Round "1"]
[White "Lyell,M"]
[Black "Bhakti,K"]
[Result "1/2-1/2"]
[WhiteElo "2197"]
[BlackElo "2275"]

1.e4 d6 2.d4 Nf6 3.Nc3 e5 4.Nf3 exd4 5.Nxd4 Be7 6.Be2 O-O 7.O-O Re8 8.h3 c6
9.f4 Bf8 10.Bf3 Nbd7 11.b3 Qc7 12.Bb2 b5 13.a3 Bb7 14.Qd2 a5 15.Rae1 b4 16.Nd1 c5
17.e5 Bxf3 18.Nxf3 dxe5 19.fxe5 Nh5 20.Qg5 g6 21.Ne3 Ng7 22.Nd5 Qc6 23.Nf6+ Nxf6
24.exf6 Rxe1 25.Rxe1 Nf5 26.Ne5 Qe6 27.Nd3 Qc6 28.Kh1 c4 29.bxc4 bxa3 30.Ba1 Qc7
31.c5 h6 32.Qd2 Rd8 33.Qc3 Qg3 34.Qe5 Qxe5 35.Rxe5 Nd4 36.Bxd4 Rxd4 37.c6 Rc4
38.Rxa5 Rxc6 39.Ra8 Rxf6 40.c4 Rf1+ 41.Kh2 Rd1 42.Nf2 Ra1 43.Ne4 Kg7 44.c5 Be7
45.Ra7 f5 46.Rxe7+ Kf8 47.Ra7 fxe4 48.c6 a2 49.c7 Rc1 50.Rxa2 Rxc7 51.Kg3 g5
52.Kf2 Kg7 53.Ke3 Rc4 54.g4 Rc3+ 55.Kxe4 Rxh3 56.Ra7+ Kf6 57.Ra6+ Ke7 58.Kf5 Kd7
59.Kg6 Rh4 60.Kf5 Kc7 61.Kg6 Kd7 62.Kg7 Rxg4 63.Kxh6 Rg1 64.Kh5 g4 65.Kh4 g3
66.Kh3 Ke7 67.Rg6 Rh1+ 68.Kg2  1/2-1/2

[Event "1st Open"]
[Site "Cento ITA"]
[Date "2011.02.05"]
[Round "1"]
[White "Roversi,S"]
[Black "Scalcione,M"]
[Result "1/2-1/2"]
[WhiteElo "1885"]
[BlackElo "2344"]

1.e4 d6 2.d4 Nf6 3.Nc3 e5 4.dxe5 dxe5 5.Qxd8+ Kxd8 6.Nf3 Bd6 7.Bc4 Be6 8.Bxe6 fxe6
9.Bg5 Ke7 10.O-O-O Nd7 11.Nd2 h6 12.Bxf6+ gxf6 13.Nb5 Bc5 14.Rhf1 a6 15.Nc3 b5
16.Nb3 Bb6 17.Rd3 Rag8 18.g3 Nb8 19.f3 c5 20.Rdd1 c4 21.Nd2 h5 22.a4 Bd4
23.axb5 Bxc3 24.bxc3 axb5 25.Kb2 Nd7 26.Ra1 Ra8 27.Rxa8 Rxa8 28.Ra1 Rxa1
29.Kxa1 Kd6 30.h4 f5 31.Kb2 Nf6 32.Kc1 Kc5 33.Kd1 b4 34.cxb4+ Kxb4 35.exf5 exf5
36.Nf1 Kc3 37.Ne3 f4 38.Nf5 Nd5 39.gxf4 exf4 40.Ng7 Ne3+ 41.Kc1 Kd4 42.Nxh5 Ng2
43.Kd2 c3+ 44.Ke2 Ke5 45.Kd3 Nxh4 46.Kxc3 Nxf3 47.Nxf4  1/2-1/2

[Event "1st Open"]
[Site "Cento ITA"]
[Date "2011.02.05"]
[Round "1"]
[White "Nanni,S"]
[Black "Madani,K"]
[Result "0-1"]
[WhiteElo "1693"]
[BlackElo "2242"]

1.e4 d6 2.d4 Nf6 3.Nc3 c6 4.f4 Qa5 5.Bd3 e5 6.Nf3 Bg4 7.fxe5 dxe5 8.dxe5 Nfd7
9.Be3 Nxe5 10.Be2 Bxf3 11.gxf3 Nbd7 12.f4 Ng6 13.Bg4 Rd8 14.Qe2 Nf6 15.h3 Ba3
16.e5 Nxg4  0-1

[Event "Schachbundesliga 2010-11"]
[Site "Mulheim GER"]
[Date "2011.02.05"]
[Round "8"]
[White "Thesing,M"]
[Black "Schneider,Il"]
[Result "0-1"]
[WhiteElo "2432"]
[BlackElo "2519"]

1.e4 d6 2.d4 Nf6 3.Nc3 e5 4.Nf3 exd4 5.Qxd4 Be7 6.Bg5 O-O 7.O-O-O Nc6 8.Qd2 Be6
9.Bb5 Nb4 10.a3 a6 11.Ba4 Na2+ 12.Nxa2 Nxe4 13.Bxe7 Qxe7 14.Qe3 Bxa2 15.Nd2 d5
16.Rhe1 Qf6 17.Bd7 Nxf2  0-1

[Event "Schachbundesliga 2010-11"]
[Site "Wattenscheid GER"]
[Date "2011.02.05"]
[Round "8"]
[White "Hracek,Z"]
[Black "Handke,F"]
[Result "1-0"]
[WhiteElo "2633"]
[BlackElo "2494"]

1.e4 d6 2.d4 Nf6 3.Nc3 e5 4.dxe5 dxe5 5.Qxd8+ Kxd8 6.Bc4 Ke8 7.Nf3 Bd6 8.Bg5 Nbd7
9.O-O-O a6 10.a4 h6 11.Bh4 Kf8 12.Nd2 c6 13.Ba2 Bb4 14.Nc4 b5 15.Nd6 Bxd6
16.Rxd6 Ne8 17.Rd2 b4 18.Ne2 Nc5 19.f3 b3 20.Bxb3 Nxb3+ 21.cxb3 Be6 22.Kc2 Rb8
23.Nc1 f6 24.Rhd1 g5 25.Bf2 Rh7 26.Bc5+ Kg8 27.Rd8 Rhb7 28.b4 Kf7 29.Rxb8 Rxb8
30.Nb3 h5 31.Na5 Rc8 32.Nb7 Kg6 33.Nd8 Bg8 34.Kc3 h4 35.Nb7 Be6 36.Be3 Rc7
37.Rd8 Rxb7 38.Rxe8 Kf7 39.Ra8 g4 40.fxg4 Bxg4 41.Rxa6 Be2 42.Rxc6 Rd7 43.Bc5 h3
44.gxh3 Rd3+ 45.Kc2 Rxh3 46.Rc7+ Kg6 47.b5 Bd3+ 48.Kd2 Bxe4 49.b6 Rxh2+ 50.Kc3 Rh3+
51.Kc4 Bd3+ 52.Kb4 Rh4+ 53.Ka5 Bc2 54.b4  1-0